Man between earth and sky : (Record no. 24509)
[ view plain ]
| 000 -LEADER | |
|---|---|
| fixed length control field | 01702cam a22003257a 4500 |
| 001 - CONTROL NUMBER | |
| control field | 16008658 |
| 005 - DATE AND TIME OF LATEST TRANSACTION | |
| control field | 20170128152501.0 |
| 008 - FIXED-LENGTH DATA ELEMENTS--GENERAL INFORMATION | |
| fixed length control field | 091204s2009 caua b 001 0 eng d |
| 010 ## - LIBRARY OF CONGRESS CONTROL NUMBER | |
| LC control number | 2008910991 |
| 020 ## - INTERNATIONAL STANDARD BOOK NUMBER | |
| International Standard Book Number | 9780982240717 |
| 020 ## - INTERNATIONAL STANDARD BOOK NUMBER | |
| International Standard Book Number | 0982240716 |
| 035 ## - SYSTEM CONTROL NUMBER | |
| System control number | (OCoLC)ocn440874144 |
| 043 ## - GEOGRAPHIC AREA CODE | |
| Geographic area code | n-us--- |
| 050 00 - LIBRARY OF CONGRESS CALL NUMBER | |
| Classification number | NA2500 .R58 2009 |
| 100 1# - MAIN ENTRY--PERSONAL NAME | |
| Personal name | Roberts, Louis O. |
| 245 10 - TITLE STATEMENT | |
| Title | Man between earth and sky : |
| Remainder of title | a symbolic awareness of architecture through a process of creativity / |
| Statement of responsibility, etc. | Louis O. Roberts. |
| 260 ## - PUBLICATION, DISTRIBUTION, ETC. (IMPRINT) | |
| Place of publication, distribution, etc. | Carmel, CA : |
| Name of publisher, distributor, etc. | Octavio Pub., |
| Date of publication, distribution, etc. | 2009. |
| 300 ## - PHYSICAL DESCRIPTION | |
| Extent | 271 p. : |
| Other physical details | col. ; ill. ; |
| Dimensions | 28 cm. |
| 504 ## - BIBLIOGRAPHY, ETC. NOTE | |
| Bibliography, etc | Includes bibliographical references (p. 260-262) and index. |
| 520 ## - SUMMARY, ETC. | |
| Summary, etc. | "This book embodies one person's life of creativity and the pursuit of a vision -- in this case an architectural vision. Years of teaching have allowed the author to observe that we all have the power to be creative. He lays out the experiential process of being creative, from early influences, through the evolutionary development of ideas and forms, and, finally, to the reality of multiple expressions."--Provided by publisher. |
| 650 #0 - SUBJECT ADDED ENTRY--TOPICAL TERM | |
| Topical term or geographic name as entry element | Architecture |
| General subdivision | Aesthetics. |
| 650 #0 - SUBJECT ADDED ENTRY--TOPICAL TERM | |
| Topical term or geographic name as entry element | Architecture |
| General subdivision | Philosophy. |
| 856 42 - ELECTRONIC LOCATION AND ACCESS | |
| Materials specified | Publisher description |
| Uniform Resource Identifier | <a href="http://www.loc.gov/catdir/enhancements/fy1312/2008910991-d.html">http://www.loc.gov/catdir/enhancements/fy1312/2008910991-d.html</a> |
| 942 ## - ADDED ENTRY ELEMENTS (KOHA) | |
| Source of classification or shelving scheme | |
| Koha item type | Hard Covered Materials |
| Withdrawn status | Lost status | Source of classification or shelving scheme | Damaged status | Not for loan | Home library | Current library | Shelving location | Date acquired | Source of acquisition | Total Checkouts | Full call number | Barcode | Date last seen | Price effective from | Koha item type |
|---|---|---|---|---|---|---|---|---|---|---|---|---|---|---|---|
| MACHAKOS UNIVERSITY LIBRARY | MACHAKOS UNIVERSITY LIBRARY | Open shelf | 28/01/2017 | Donation(BFA) | NA2500 .R58 2009 | 32794 | 28/01/2017 | 28/01/2017 | Hard Covered Materials |